000 00296 a2200109 4500
001 ART_42566
005 20260410161629.0
008 260409a
245 1 0 _aEl balance social en Argentina
100 1 _aGeba, Norma Beatriz
773 0 _tEnfoques
_g- NÂș 6 (jun. 2017)
_wREV416
999 _c12272
_d12272